000 00671nam a2200241Ia 4500
003 OSt
005 20220918191004.0
006 a|||||r|||| 00| 0
007 ta
008 220917b |||||||| |||| 00| 0 eng d
024 _a60,832
037 _cTextual
040 _aARTS
_cARTS
_beng
041 _2eng
_aeng
082 _aQ6:65.6133.M8, J8 (906)
100 _aLloyd M tr
_974431
245 0 _aDiaries of the Jesuit Missionaries at Bulawayo 1879-1881
260 _c1958
490 _aPublications of the Rhodesiana Society; 4
650 _aRELIGION
942 _hQ6:65.6133.M8, J8 (906)
_cTEXL
_2CC
999 _c187711
_d187711